[Event "BRA-ch"]
[Site "Sao Paulo"]
[Date "2001.12.21"]
[Round "6"]
[White "Vescovi, Giovanni P"]
[Black "Leitao, Rafael Duailibe"]
[Result "1-0"]
[WhiteElo "2585"]
[BlackElo "2581"]
[PlyCount "65"]
[EventDate "2001.12.17"]
[EventType "swiss"]
[EventRounds "9"]
[EventCountry "BRA"]
[SourceTitle "CBM 085 Extra"]
[Source "ChessBase"]
[SourceDate "2002.01.21"]
[SourceVersion "1"]
[SourceVersionDate "2002.01.21"]
[SourceQuality "1"]

1. e4 {ChessBase II} c5 2. Nf3 e6 3. d3 Nc6 4. g3 d5 5. Qe2 Nge7 6. Bg2 g6 7. O-O Bg7 8. c3 b6 9. e5 Qc7 10. Re1 h6 11. h4 Bb7 12. Na3 a6 13. Nc2 O-O-O ({RR} 13... Rc8 14. Bf4 Nf5 15. Rac1 a5 16. d4 O-O 17. Qd2 Qe7 18. Bf1 f6 ({RR} 18... cxd4 19. cxd4 Nb4 20. a3 Nxc2 21. Rxc2 Rxc2 22. Qxc2 Rc8) 19. Bh3 fxe5 20. Nxe5 Bxe5 21. Bxe5 g5 22. hxg5 Qxg5 23. Bf4 Qg6 24. Qd3 c4 25. Qe2 Rf6 26. Qg4 Rcf8 27. a4 h5 28. Qxg6+ {Bologan,V (2641)-Van Wely,L (2643) Eforie Nord 2000 CBM 081 [ChessBase II] 1-0 (40)}) 14. b4 cxb4 $146 ({RR} 14... c4 15. dxc4 dxc4 16. Qxc4 Nd5 17. Bb2 Rd7 18. a4 Nce7 19. Qb3 Kb8 20. c4 Rc8 21. Na3 {1-0 (21) Radovanovic,N (2420)-Baglan,E (2257) Paracin 2015}) 15. cxb4 d4 16. Bb2 Rd5 17. Rac1 Rhd8 18. Ncxd4 Kb8 19. Nxc6+ Bxc6 20. Nd2 Qb7 21. Bxd5 Rxd5 22. Nc4 Nf5 23. Qc2 Bd7 24. Re4 Bf8 25. a3 h5 26. Ne3 Bh6 27. Nxd5 exd5 28. e6 fxe6 29. Be5+ Ka8 30. Ree1 Bxc1 31. Rxc1 d4 32. Qc4 Ne7 33. Qxd4 1-0

[Event "Lvov Cup of Galychina"]
[Site "Lvov"]
[Date "2001.12.25"]
[Round "8"]
[White "Romanishin, Oleg M"]
[Black "Sulypa, Oleksandr"]
[Result "1-0"]
[WhiteElo "2575"]
[BlackElo "2513"]
[PlyCount "63"]
[EventDate "2001.12.18"]
[EventType "tourn"]
[EventRounds "11"]
[EventCountry "UKR"]
[EventCategory "11"]
[SourceTitle "CBM 087"]
[Source "ChessBase"]
[SourceDate "2002.03.21"]
[SourceVersion "1"]
[SourceVersionDate "2002.03.21"]
[SourceQuality "1"]

1. Nf3 d5 2. g3 Bg4 3. Ne5 Bf5 4. Bg2 f6 5. Nf3 Nc6 ({RR} 5... e5 6. d3 Nd7 7. O-O Bd6 8. Nbd2 Ne7 9. e4 Be6 10. d4 O-O 11. exd5 Nxd5 12. c4 Nb4 13. c5 Be7 14. dxe5 fxe5 15. a3 Nd3 16. b4 Nxc1 17. Rxc1 Bf6 18. Re1 Re8 19. Nc4 Bxc4 20. Rxc4 {Sroczynski,M (2247)-Martin,L (2050) chess.com INT 2025 0-1 (54)}) 6. c4 d4 7. Nh4 $146 ({RR} 7. O-O e5 8. d3 Qd7 9. Re1 Bb4 10. Nbd2 Bh3 11. Bh1 h5 12. a3 Bxd2 13. Nxd2 h4 14. Ne4 b6 15. b4 Rd8 16. Qa4 Nce7 17. Qxd7+ Bxd7 18. b5 hxg3 19. hxg3 Nc8 20. a4 Nge7 21. a5 Bg4 {Dausch,R (2375)-Braeuning,R (2392) Germany 2011 ½-½ (31)}) 7... Bg4 8. h3 Bd7 9. e4 g6 10. d3 e5 11. O-O Nh6 12. Na3 Nf7 13. Nc2 a5 14. Bd2 Be7 15. Nf3 O-O 16. Nh2 Kg7 17. f4 Qc8 18. h4 Rb8 19. a4 Ra8 20. b3 Ncd8 21. Ne1 Ra6 22. Ra2 f5 23. fxe5 Nxe5 24. Bf4 Nef7 25. Raf2 fxe4 26. Bxe4 Ne6 27. Bc1 Nd6 28. Rxf8 Bxf8 29. Bd5 Nf5 30. Qf3 Qe8 31. g4 Nxh4 32. Qf6+ 1-0

[Event "Moscow-ch"]
[Site "Moscow"]
[Date "2002.??.??"]
[Round "3"]
[White "Malakhov, Vladimir"]
[Black "Najer, Evgeniy"]
[Result "1-0"]
[WhiteElo "2613"]
[BlackElo "2616"]
[PlyCount "81"]
[EventDate "2002.??.??"]
[EventType "k.o."]
[EventRounds "5"]
[EventCountry "RUS"]
[SourceTitle "EXT 2003"]
[Source "ChessBase"]
[SourceDate "2002.11.25"]
[SourceVersion "1"]
[SourceVersionDate "2002.11.25"]
[SourceQuality "1"]

1. Nf3 d5 2. c4 c6 3. b3 Nf6 4. g3 Bf5 5. Bg2 e6 6. O-O Nbd7 7. Bb2 h6 8. d3 Bh7 9. Nbd2 Be7 10. e4 dxe4 11. Nxe4 O-O 12. Qe2 Nxe4 13. dxe4 a5 $146 ({RR} 13... Qc7 14. Rad1 Rfd8 15. Qe3 Nc5 16. Nd4 e5 17. Nf5 Bf8 18. h3 a5 19. Kh2 Ne6 20. Qc3 f6 21. a3 Bc5 22. b4 Rxd1 23. Rxd1 Bxf2 24. c5 axb4 25. Qc4 Qf7 26. Nd6 Qd7 27. axb4 Kh8 28. Bf3 {Alieva,E (2240)-Hlgatian,G (2209) Istanbul 2000 0-1 (40)}) 14. Ne5 Nxe5 15. Bxe5 Bc5 16. Rad1 Qe7 17. Rd2 a4 18. Rfd1 axb3 19. axb3 Rfd8 20. h4 Rxd2 21. Qxd2 Bg6 22. Bf3 f6 23. Bc3 e5 24. b4 Bb6 25. c5 Rd8 26. Qe3 Rxd1+ 27. Bxd1 Bc7 28. Bg4 Qe8 29. Qd3 Kf8 30. Bd2 Bb8 31. b5 h5 32. Bh3 cxb5 33. Bb4 Qe7 34. Bd7 Be8 35. Qd2 Kg8 36. c6 Qf7 37. Bxe8 Qxe8 38. Qd5+ Kh7 39. cxb7 Ba7 40. Bd6 Qd8 41. Bc5 1-0

[Event "Nova Gorica op 07th"]
[Site "Nova Gorica"]
[Date "2002.02.03"]
[Round "4"]
[White "Kozul, Zdenko"]
[Black "Farago, Ivan"]
[Result "1-0"]
[WhiteElo "2606"]
[BlackElo "2500"]
[PlyCount "73"]
[EventDate "2002.01.12"]
[EventType "swiss"]
[EventRounds "9"]
[EventCountry "SLO"]
[SourceTitle "CBM 086 Extra"]
[Source "ChessBase"]
[SourceDate "2002.03.14"]
[SourceVersion "1"]
[SourceVersionDate "2002.03.14"]
[SourceQuality "1"]

1. Nf3 Nf6 2. g3 d5 3. Bg2 c6 4. O-O Bg4 5. d3 e6 6. Nbd2 Be7 7. e4 O-O 8. Qe1 Nbd7 9. Kh1 ({RR} 9. h3 Bh5 10. e5 Ne8 11. Nh2 Nc7 12. Kh1 f6 13. Ndf3 f5 14. Bd2 c5 15. c4 Nb8 16. Ba5 b6 17. Bc3 Nc6 18. b3 Qd7 19. Rc1 Rad8 20. Ng1 b5 21. Ne2 bxc4 22. Nf4 Bf7 23. bxc4 d4 {Kasimdzhanov,R (2690)-Morozevich,A (2755) Moscow 2007 0-1 (45)}) ({RR} 9. e5 Ne8 10. h3 Bh5 11. Nh2 Qb6 12. Kh1 Nc7 13. f4 f5 14. exf6 Bxf6 15. c3 Rae8 16. d4 c5 17. dxc5 Nxc5 18. Ndf3 Ne4 19. Nd2 Nc5 20. Nb3 Nd3 21. Qe3 Qa6 22. Nf3 e5 23. fxe5 Nxe5 {Marinakis,H (2158)-Peatman,C (2095) chess.com INT 2025 ½-½ (93)}) 9... h6 $146 ({RR} 9... Ne8 10. Ng1 dxe4 11. dxe4 e5 12. Nc4 Be6 13. Ne3 Nd6 14. f3 Re8 15. Nh3 Bf8 16. Nf2 a5 17. a4 Nc4 18. Qe2 Nxe3 19. Bxe3 Bc5 20. Rfe1 Qb6 21. Bxc5 Nxc5 22. Qe3 Qa7 23. Bf1 b6 24. Red1 {Shpilker,B (2375)-Pinter,J (2590) Dortmund 1998 ½-½}) ({RR} 9... Ne8 10. Ng1 dxe4 11. dxe4 e5 12. f4 {½-½ (12) Mohr,G (2480)-Farago,I (2504) Austria 2008}) ({RR} 9... a5 10. Ng1 dxe4 11. dxe4 e5 12. f4 exf4 13. gxf4 Ne8 14. Qg3 f5 15. e5 Kh8 16. a4 Nb6 17. Ngf3 Nc7 18. Nb3 Ne6 19. Qf2 Nd5 20. Nfd4 Ndc7 21. Be3 g5 22. Nxe6 Nxe6 23. Nd4 Nc7 24. c3 {Kozul,Z (2630)-Podkriznik,G (2364) Ljubljana 2004 1-0 (38)}) 10. Ng1 dxe4 11. dxe4 e5 12. f4 exf4 13. gxf4 Nh7 14. Qg3 Bh5 15. e5 Kh8 16. Qh3 g6 17. Bf3 Bxf3+ 18. Ndxf3 Nc5 19. Qxh6 Qd5 20. Qh3 Ne6 21. Qg2 Rad8 22. Ne2 Rg8 23. Nc3 Qd7 24. Be3 f5 25. Rad1 Qc7 26. Nd4 Nhf8 27. Qh3+ Kg7 28. Nxf5+ gxf5 29. Rg1+ Ng6 30. Qxf5 Nef8 31. e6 Rxd1 32. Qf7+ Kh6 33. Nxd1 Rg7 34. f5+ Kh7 35. fxg6+ Nxg6 36. Qf5 Qe5 37. Qxe5 1-0

[Event "Bermuda-A"]
[Site "Bermuda"]
[Date "2002.01.24"]
[Round "4"]
[White "Vescovi, Giovanni P"]
[Black "Socko, Bartosz"]
[Result "1-0"]
[WhiteElo "2590"]
[BlackElo "2585"]
[Annotator "Horn,Peter"]
[PlyCount "95"]
[EventDate "2002.01.21"]
[EventType "tourn"]
[EventRounds "9"]
[EventCountry "BER"]
[EventCategory "10"]
[SourceTitle "CBM 088"]
[Source "ChessBase"]
[SourceDate "2002.03.21"]
[SourceVersion "1"]
[SourceVersionDate "2002.03.21"]
[SourceQuality "1"]

1. e4 e6 2. d3 c5 3. Nf3 Nc6 4. g3 g6 5. Bg2 Bg7 6. O-O d6 7. c3 Nf6 8. Re1 e5 {Schwarz hat ausgeglichen. Mitunter hat er sogar noch ein Tempo weniger, da er e7-e6-e5 spielt; auch das gilt als Ausgleich.} ({RR} 8... O-O 9. d4 e5 10. dxc5 dxc5 11. Qxd8 Rxd8 12. Na3 Ne8 13. Bf1 f6 14. Bc4+ Kf8 15. Be3 b6 16. Bd5 Bd7 17. Nb5 Rab8 18. a4 a6 19. Na3 Ne7 20. Bb3 Nc6 21. Nd2 Nc7 22. f4 Bh6 23. Kg2 {Amin,B (2704)-Nakamura,H (2761) Abidjan 2019 1-0 (85)}) ({RR} 8... O-O 9. d4 e5 10. h3 Re8 11. dxe5 dxe5 12. Qxd8 Rxd8 13. Na3 Ne8 14. Be3 b6 15. Rad1 Bb7 16. Bg5 f6 17. Bc1 Rxd1 18. Rxd1 Rd8 19. Rxd8 Nxd8 20. Ne1 Nd6 21. f3 Kf7 22. Kf2 Ke6 23. Bf1 {Bokros,A (2446)-Socko,B (2615) Germany 2006 0-1 (40)}) 9. a3 {Deswegen ist es interessant, zu sehen, wie ein starker Spieler dieses Problem behandelt. Man beachte, daß der Vorstoß vor der Entwicklung des b1 erfolgt.} O-O ({Das gibt ihm die Chance, nach} 9... a5 10. a4 {[%cal Yb1a3,Ya3b5] den über a3 nach b5 zu tragen.}) 10. b4 b5 $146 (10... a6 {war z.B. auch ein sicherer Zug.}) ({RR} 10... a6 11. Nbd2 Re8 12. Bb2 b5 13. d4 c4 14. a4 Bd7 15. dxe5 Nxe5 16. Nxe5 dxe5 17. axb5 axb5 18. Nf1 Rxa1 19. Qxa1 Bc6 20. Rd1 Qc7 21. Qb1 Bh6 22. Qc2 Rd8 23. Rxd8+ Qxd8 24. f3 Qd3 25. Qxd3 {Karagollu,A (2197)-Gokerkan,C (2512) Ankara TUR 2024 0-1 (41)}) ({RR} 10... a6 11. Nbd2 Qe7 12. Nc4 Qc7 13. Bg5 Be6 14. Qe2 Nd7 15. Rad1 b5 16. Ne3 Nb6 17. c4 Nd4 18. Nxd4 cxd4 19. Nd5 Bxd5 20. cxd5 Na4 21. Rc1 Qd7 22. Qf1 Rac8 23. Bh3 f5 24. Rxc8 Rxc8 25. Rc1 {Ludishev,A (1874)-Moreno Diepa,D (2243) Vecindario ESP 2025 0-1 (40)}) ({RR} 10... b6 11. Nbd2 Qc7 12. Nb3 Nh5 13. Bb2 a5 14. b5 Ne7 15. a4 h6 16. Nbd2 Be6 17. d4 Rad8 18. Qe2 Rfe8 19. Nf1 f5 20. Nh4 Bf7 21. exf5 Nxf5 22. Nxf5 gxf5 23. Bc6 Rf8 24. Ne3 Bg6 25. Nd5 {Froom,O (1939)-Di Vetta,A (1730) England 2019 1-0 (70)}) 11. a4 {Die grundsätzliche Antwort auf b5.} bxa4 12. Qxa4 Qc7 13. bxc5 ({Hier hätte ich} 13. b5 $14 {erwartet.Es ist mir nicht klar, was Vescovi störte.}) 13... dxc5 14. Be3 Rd8 ({Angesichts des rückständigen a7 muß Schwarz sorgfältig agieren, z.B. kommt} 14... Ne7 $2 {nicht in Frage:} 15. Qa5 $18) 15. Bf1 (15. Rd1 {macht weniger Sinn, da Weiß fd2 plant, um das Feld c4 zu nutzen.}) 15... Bf8 16. h3 {Vorher muß er sich gegen g4 wappnen.} Bd7 {Damit sichert sich Schwarz: er wird a7-a5 durchsetzen können.} 17. Nfd2 Rdb8 18. Na3 a5 19. Nac4 Ne8 {[%cal Ye8g7,Yg7e6]} 20. Qd1 (20. Reb1 Rxb1 21. Rxb1 Nd4 $132 {[%cal Yd4b5,Ya5a4]}) (20. Qc2 $5) 20... Ng7 21. Kh2 Ne6 {Damit hat Schwarz seine Sorgen um den c5 beseitigt; er kann zuversichtlich die Dinge erwarten.} 22. Nf3 {Ein deutliches Zeichen, daß die weißen Absichten sich nicht materialisiert haben.} f6 23. Bc1 a4 $1 {Damit tut sich auf b3 ein Feld auf.} 24. Ne3 {[%cal Ye3d5]} ({Mit} 24. Nfd2 {hätte Weiß den Springertransport nach b3 unterbunden.}) 24... Qd8 25. Nd5 Na5 26. Nd2 Kg7 27. Bg2 (27. Ba3) 27... Bb5 $15 {Schwarz hat deutlich die Führung der Partie an sich gerissen.} 28. Re3 c4 29. d4 $5 (29. dxc4 Nxc4 30. Nxc4 Bxc4 {würde Schwarz gefallen.}) 29... Nb3 30. Ra2 Nc7 (30... exd4 31. cxd4 Nexd4 {bringt Schwarz einige Probleme wegen des verwundbaren f6.} 32. Bb2 Ra6 33. Nf3 Nxf3+ 34. Rxf3 Be7 35. e5 f5 36. e6+ Kh6 (36... Kg8 37. Rxb3 $18) 37. Re3 $44) 31. dxe5 fxe5 32. Nf3 Bc5 (32... Bd6 $15) 33. Nxe5 $5 {Bei passivem Verhalten hat Schwarz mit seinem Übergewicht am Damenflügel gute Aussichten. Deswegen ergreift Weiß gerne die Gelegenheit zu Komplikationen.} Nxc1 ({Bei} 33... Bxe3 $6 34. Bxe3 {könnte der e3 noch mächtig werden.}) 34. Qxc1 Nxd5 (34... Qd6 $5 $15) 35. exd5 Bxe3 36. Qxe3 {Die geschwächte schwarze Königsstellung gibt Weiß nun die gewünschte Kompensation.} Qb6 (36... Qd6 37. Ng4 h5 38. Qd4+ $40) 37. Qd2 Re8 38. Ng4 Ra6 39. Rb2 (39. Qf4 a3 40. Rd2 Bd7 (40... a2 $2 41. d6 $16) 41. Ne5 Bf5 42. Nxc4 Qc5 $19) 39... Rd8 $2 {Sicherlich Zeitnot.} ({Nach dem logischen} 39... a3 {hätte es Remis enden können:} 40. Rxb5 Qxb5 41. d6 Qc5 $1 42. Qh6+ Kg8 43. Nf6+ Kf7 44. Bd5+ Re6 45. Ne4 Qxd5 46. Qxh7+ Kf8 (46... Ke8 $2 47. Nf6+ Rxf6 48. Qe7#) 47. Qh8+ Kf7 48. Qh7+ $11) 40. Qg5 (40. d6) 40... Qd6 (40... Re8 41. d6 Qxd6 42. Rxb5 $18) 41. Rxb5 Rd7 42. Qe3 h5 43. Qd4+ Kh7 44. Ne5 Rc7 45. Nf3 Qf6 46. Qxf6 Rxf6 47. Ra5 Rf5 48. g4 1-0

[Event "FRA-chT1"]
[Site "France"]
[Date "2002.02.02"]
[Round "2.1"]
[White "Akopian, Vladimir Eduardovic"]
[Black "Landa, Konstantin"]
[Result "1-0"]
[WhiteElo "2680"]
[BlackElo "2619"]
[PlyCount "81"]
[EventDate "2002.02.??"]
[EventType "team"]
[EventRounds "11"]
[EventCountry "FRA"]
[SourceTitle "EXT 2003"]
[Source "ChessBase"]
[SourceDate "2002.11.25"]
[SourceVersion "1"]
[SourceVersionDate "2002.11.25"]
[SourceQuality "1"]
[WhiteTeam "Vandoeuvre"]
[BlackTeam "Nancy"]
[WhiteTeamCountry "FRA"]
[BlackTeamCountry "FRA"]

1. Nf3 c5 2. b3 d6 3. Bb2 e5 4. c4 f5 5. d3 Nc6 6. g3 g6 7. Bg2 Bg7 8. O-O Nf6 9. Nc3 O-O 10. Nd5 $146 ({RR} 10. a3 h6 11. Rb1 Be6 12. Qd2 Rc8 13. Rfe1 Kh7 14. h3 Qd7 15. Kh2 Qf7 16. e3 g5 {0-1 (16) Sztokbant,B (2194)-Di Berardino,D (2471) Chess.com INT 2020}) ({RR} 10. a3 h6 11. Rb1 Be6 12. Qd2 Rc8 13. Rfe1 Kh7 14. h3 Qd7 15. Kh2 Qf7 16. e3 g5 {0-1 (16) Sztokbant,B (2194)-Di Berardino,D (2471) Chess.com INT 2020}) 10... Rb8 11. Ne1 Bd7 12. Nc2 Nxd5 13. Bxd5+ Kh8 14. f4 Nd4 15. e3 Nxc2 16. Qxc2 Qc7 17. Rae1 Bc6 18. Bxc6 Qxc6 19. e4 Rbe8 20. exf5 Rxf5 21. fxe5 Rxf1+ 22. Rxf1 Bxe5 23. Bxe5+ Rxe5 24. d4 Re8 25. Qf2 Qc7 26. Qf6+ Kg8 27. d5 Qg7 28. Qxd6 Qd4+ 29. Kg2 g5 30. Qd7 Re2+ 31. Kh3 g4+ 32. Qxg4+ Qxg4+ 33. Kxg4 Rxh2 34. a4 Re2 35. Rf3 Kg7 36. Kf5 Kf7 37. g4 Rh2 38. Ke5+ Ke7 39. d6+ Ke8 40. Ke6 Rh6+ 41. Rf6 1-0

[Event "FRA-chT1"]
[Site "France"]
[Date "2002.??.??"]
[Round "9.1"]
[White "Belkhodja, Slim"]
[Black "Kallai, Gabor"]
[Result "1-0"]
[WhiteElo "2506"]
[BlackElo "2549"]
[PlyCount "57"]
[EventDate "2002.02.??"]
[EventType "team"]
[EventRounds "11"]
[EventCountry "FRA"]
[SourceTitle "EXT 2003"]
[Source "ChessBase"]
[SourceDate "2002.11.25"]
[SourceVersion "1"]
[SourceVersionDate "2002.11.25"]
[SourceQuality "1"]
[WhiteTeam "Sautron"]
[BlackTeam "Strasbourg"]
[WhiteTeamCountry "FRA"]
[BlackTeamCountry "FRA"]

1. e4 c6 2. d3 e5 3. Nf3 Nf6 4. Nbd2 d6 5. g3 g6 6. Bg2 Bg7 7. O-O O-O 8. c3 Re8 ({RR} 8... a5 9. Re1 a4 10. Nc4 b5 11. Ne3 Ng4 12. h3 Nxe3 13. Bxe3 h6 14. Qd2 Kh7 15. d4 Qc7 16. Rad1 Be6 17. dxe5 dxe5 18. Bc5 Re8 19. Bd6 Qb7 20. Bxe5 Bxa2 21. Qf4 Bb3 22. Rd6 Nd7 23. Bxg7 {Salman,P (2287)-Ocampos,I (2251) chess.com INT 2025 1-0 (44)}) 9. a4 ({RR} 9. Re1 Nbd7 10. b4 d5 11. Nb3 b6 12. Qc2 Bb7 13. c4 dxe4 14. dxe4 c5 15. bxc5 Nxc5 16. Nxc5 bxc5 17. Nd2 Nd7 18. Nb3 Qc7 19. Be3 Bf8 20. Rab1 Bc6 21. Qc3 Rab8 22. Rbd1 Rbd8 23. Rd2 Nb6 {Tiviakov,S (2700)-Fridman,D (2564) Netherlands 2005 ½-½ (60)}) 9... Nbd7 10. d4 $146 ({RR} 10. a5 Nf8 11. h3 h6 12. Kh2 Be6 13. Qc2 Qd7 14. Re1 N6h7 15. Nf1 f5 16. Be3 f4 17. gxf4 exf4 18. Bxf4 g5 19. Bg3 Ng6 20. d4 Rf8 21. Ne3 Nf4 22. Nf5 Rxf5 23. exf5 Bxf5 24. Qd2 Nxg2 {Sabar,E (2040)-Bifulco,M (2339) Chess.com INT 2022 0-1 (44)}) ({RR} 10. a5 Nf8 11. h3 h6 12. Kh2 Be6 13. Qc2 Qd7 14. Re1 N6h7 15. Nf1 f5 16. Be3 f4 17. gxf4 exf4 18. Bxf4 g5 19. Bg3 Ng6 20. d4 Rf8 21. Ne3 Nf4 22. Nf5 Rxf5 23. exf5 Bxf5 24. Qd2 Nxg2 {Sabar,E (2040)-Bifulco,M (2339) Chess.com INT 2022 0-1 (44)}) 10... exd4 11. Nxd4 Ne5 12. Qc2 c5 13. N4b3 h5 14. f4 Nc6 15. Nc4 Qe7 16. Ne3 Be6 17. Nd5 Qd7 18. Nxf6+ Bxf6 19. f5 Bc4 20. Bh6 Bxf1 21. Rxf1 Qe7 22. Nd2 Ne5 23. Bf4 Bg5 24. Bxe5 Be3+ 25. Kh1 Bxd2 26. fxg6 fxg6 27. Bf6 Qe6 28. Qxd2 Rf8 29. e5 1-0

[Event "Valle d'Aosta op 10th"]
[Site "Saint Vincent"]
[Date "2002.02.15"]
[Round "7"]
[White "Sutovsky, Emil"]
[Black "Dominguez Perez, Leinier"]
[Result "1-0"]
[WhiteElo "2656"]
[BlackElo "2594"]
[PlyCount "71"]
[EventDate "2002.02.09"]
[EventType "swiss"]
[EventRounds "9"]
[EventCountry "ITA"]
[SourceTitle "CBM 086 Extra"]
[Source "ChessBase"]
[SourceDate "2002.03.14"]
[SourceVersion "1"]
[SourceVersionDate "2002.03.14"]
[SourceQuality "1"]

1. e4 c5 2. Nf3 d6 3. g3 Nf6 4. d3 g6 5. Bg2 Bg7 6. O-O Nc6 7. Re1 O-O 8. c3 e5 9. Nbd2 h6 10. a3 ({RR} 10. a4 Be6 11. Nc4 Nxe4 12. Ncxe5 dxe5 13. dxe4 Qxd1 14. Rxd1 Na5 15. Be3 Rfd8 16. Rab1 b6 17. Rxd8+ Rxd8 18. Nd2 Nb3 19. Nxb3 Bxb3 20. a5 Bf8 {½-½ (20) Mihok,O (2506)-Groszpeter,A (2447) Kecskemet 2016}) 10... Be6 ({RR} 10... b5 11. b4 Be6 12. bxc5 dxc5 13. Nb3 Nd7 14. Be3 Qe7 15. a4 a6 16. axb5 axb5 17. Rxa8 Rxa8 18. d4 cxd4 19. cxd4 Bxb3 20. Qxb3 exd4 21. Bf4 b4 22. Rc1 Ra3 23. Qd5 Rc3 24. Rxc3 dxc3 25. Qxc6 {Torres,F (2054)-Valdes Escobar,A (2346) Santiago CHI 2025 0-1 (44)}) 11. b4 a6 12. Nb3 c4 $146 ({RR} 12... b6 13. Rb1 Qc7 14. Bd2 Rfd8 15. c4 Rf8 16. Qc1 Kh7 17. h4 Ng4 18. h5 Rab8 19. Nh2 Nxh2 20. Kxh2 gxh5 21. Qd1 Bg4 22. Bf3 Qd7 23. Bxg4 Qxg4 24. Qxg4 hxg4 25. Kg2 Kg6 26. Rh1 h5 27. Be3 {Valdes Romero,L (2402)-Mickiewicz,P (2235) Chess.com INT 2021 1-0 (73)}) ({RR} 12... b6 13. Rb1 Qc7 14. Bd2 Rfd8 15. c4 Rf8 16. Qc1 Kh7 17. h4 Ng4 18. h5 Rab8 19. Nh2 Nxh2 20. Kxh2 gxh5 21. Qd1 Bg4 22. Bf3 Qd7 23. Bxg4 Qxg4 24. Qxg4 hxg4 25. Kg2 Kg6 26. Rh1 h5 27. Be3 {Valdes Romero,L (2402)-Mickiewicz,P (2235) Chess.com INT 2021 1-0 (73)}) 13. dxc4 Bxc4 14. Nfd2 Be6 15. c4 Nd7 16. Bb2 Rc8 17. Rc1 Nb6 18. Bf1 Nd4 19. Na5 Qd7 20. Bxd4 exd4 21. Ndb3 Na4 22. Nxd4 b6 23. Nxe6 fxe6 24. Nb3 Qf7 25. Rc2 Nb2 26. Qxd6 Nxc4 27. Bxc4 Rxc4 28. Qxf8+ Qxf8 29. Rxc4 Qf3 30. Re3 Qd1+ 31. Kg2 Qd7 32. Nc1 b5 33. Rc2 Qd1 34. Rc8+ Kh7 35. Rd3 Qe1 36. Rd7 1-0

[Event "NED-ch op 5'"]
[Site "Dordrecht"]
[Date "2002.02.15"]
[Round "?"]
[White "Piket, Jeroen"]
[Black "Sokolov, Ivan"]
[Result "1-0"]
[WhiteElo "2655"]
[BlackElo "2655"]
[PlyCount "68"]
[EventDate "2002.02.15"]
[EventType "swiss"]
[EventRounds "34"]
[EventCountry "NED"]
[SourceTitle "EXT 2004"]
[Source "ChessBase"]
[SourceDate "2003.11.25"]
[SourceVersion "1"]
[SourceVersionDate "2003.11.25"]
[SourceQuality "1"]

1. Nf3 d5 2. c4 dxc4 3. e3 Be6 4. Na3 Nf6 5. Nxc4 g6 ({RR} 5... c5 6. Qa4+ Nbd7 7. d4 cxd4 8. Nxd4 Bd5 9. Bd2 g6 10. Ne5 Bg7 11. Nxd7 Nxd7 12. Qb5 e6 13. Qb4 a5 14. Qa3 Qe7 15. Qxe7+ Kxe7 16. Bc3 Bf6 17. f3 Rhc8 18. Bb5 Bc4 19. Bxd7 Kxd7 20. Kf2 {Malakhov,V (2690)-Sokolov,I (2673) Sibenik 2007 ½-½ (46)}) ({RR} 5... Bd5 6. Be2 e6 7. O-O Be7 8. b3 O-O 9. Bb2 c5 10. Qc2 Nbd7 11. d3 b5 12. Nce5 Nxe5 13. Nxe5 Qb6 14. Rac1 Rfc8 15. Bf3 Bxf3 16. Nxf3 Nd5 17. a3 a5 18. e4 Nf6 19. a4 Rab8 20. Be5 {Demirag,B (1929)-Dedebas,E (2301) Denizli TUR 2024 0-1 (67)}) 6. b3 Bg7 7. Bb2 O-O 8. Rc1 $146 ({RR} 8. Be2 c5 9. O-O Nc6 10. Rc1 Rc8 11. d4 cxd4 12. Nxd4 Bd5 13. Nxc6 Rxc6 14. Qd4 Qb8 15. Ba3 Re6 16. Rfd1 b6 17. Nd2 Bb7 18. Qh4 Rd8 19. Nf3 Rxd1+ 20. Rxd1 Qe8 21. Ng5 Re5 22. Bc4 Bd5 {Geller,E-Keres,P Moscow 1963 1-0 (39)}) ({RR} 8. Be2 c5 9. O-O Nc6 10. d4 cxd4 11. Nxd4 Bd5 12. Nxc6 Bxc6 13. Bf3 Bxf3 14. Qxf3 Qd5 15. Rfd1 Qxf3 16. gxf3 Rfc8 17. Rd2 Rc7 18. Rad1 Ne8 19. Rd8 Rcc8 20. Rxc8 Rxc8 21. Bxg7 Kxg7 22. Rd7 b5 {Danielsen,H (2514)-Semcesen,D (2469) Ballerup 2015 1-0 (44)}) 8... a5 9. a3 Nbd7 10. Be2 Nc5 11. d4 Nce4 12. O-O Bd5 13. Nfe5 c6 14. f3 Nd6 15. Qe1 Be6 16. Qf2 Nd5 17. Rfe1 Bh6 18. Bf1 f6 19. Nd3 Bf7 20. Rc2 a4 21. Nxd6 exd6 22. b4 f5 23. e4 fxe4 24. fxe4 Be6 25. Qg3 Nf4 26. d5 cxd5 27. Nxf4 Bxf4 28. Qd3 Bxh2+ 29. Kxh2 Qh4+ 30. Kg1 Qxe1 31. exd5 Bd7 32. Bd4 Bf5 33. Qe2 Qxe2 34. Rxe2 Bd3 1-0

[Event "Bad Woerishofen op 18th"]
[Site "Bad Woerishofen"]
[Date "2002.??.??"]
[Round "7"]
[White "Kengis, Edvins"]
[Black "Levin, Felix"]
[Result "1-0"]
[WhiteElo "2570"]
[BlackElo "2515"]
[PlyCount "63"]
[EventDate "2002.03.??"]
[EventType "swiss"]
[EventRounds "9"]
[EventCountry "GER"]
[SourceTitle "EXT 2003"]
[Source "ChessBase"]
[SourceDate "2002.11.25"]
[SourceVersion "1"]
[SourceVersionDate "2002.11.25"]
[SourceQuality "1"]

1. Nf3 d5 2. g3 Nf6 3. Bg2 g6 4. O-O Bg7 5. d3 O-O 6. Nbd2 Nc6 7. e4 e5 8. Re1 h6 9. c3 dxe4 10. dxe4 a5 11. Qc2 Be6 12. b3 $146 ({RR} 12. Bf1 Ne8 13. Nc4 Nd6 14. Rd1 Qe7 15. Nxd6 cxd6 16. Nh4 Rfd8 17. Bg2 a4 18. Bf3 Qc7 19. Qe2 Ne7 20. Ng2 d5 21. exd5 Bxd5 22. Bxd5 Rxd5 23. Rxd5 Nxd5 24. a3 Nb6 25. Be3 Nc4 26. Rd1 b5 {Zolnierowicz,K (2385)-Dochev,D (2385) Decin 1997 ½-½ (50)}) 12... Nd7 13. Ba3 Re8 14. Nf1 Na7 15. Rad1 Nb5 16. Bb2 Qe7 17. a4 Na7 18. Ne3 c6 19. Nd2 b5 20. Ra1 Nb6 21. axb5 Nxb5 22. Bf1 Qc7 23. Ndc4 Nxc4 24. Bxc4 Bxc4 25. Nxc4 Nd6 26. Nxd6 Qxd6 27. c4 Reb8 28. Red1 Qb4 29. Bc3 Qc5 30. Ra4 Qa7 31. Rda1 Qb6 32. b4 1-0